Films Ghibli par images - Mort subite #2 - Statistiques

Statistiques générales
  • Ce quiz a été pris 1 733 fois
  • Le résultat moyen est 7 sur 10
Answers on the Grid
Answers color-coded by a green-red scale on the quiz's grid according to % correct below.
 
Statistiques - réponses
Réponse % Correct
Ponyo sur la falaise
88%
Kiki la petite sorcière
82%
Le Tombeau des lucioles
81%
La Colline aux coquelicots
81%
Le vent se lève
80%
Si tu tends l'oreille
69%
Le Conte de la princesse Kaguya
61%
Le Royaume des chats
60%
Mes voisins les Yamada
59%
Les Contes de Terremer
59%
Aucun quiz correspondant
Distribution des résultats
% des personnes avec chaque résultat
Percentile par nombre de réponses
Votre historique - résultats
Vous n’avez pas pris ce quiz